|
|
|
|
| LEADER |
02007njm a2200529 a 4500 |
| 001 |
000472258 |
| 003 |
CZ BrMZK |
| 005 |
20090612100417.0 |
| 008 |
000105s1993 xr f cze d |
| 028 |
0 |
3 |
|a 11 2512-1 311
|b Supraphon
|
| 040 |
|
|
|a BOA001
|b cze
|
| 080 |
|
|
|a 784.4"196"(086.7)
|2 MRF
|
| 100 |
1 |
|
|a Gott, Karel,
|d 1939-2019
|7 jk01032549
|4 prf
|
| 245 |
1 |
0 |
|a Originální nahrávky ze 60.let
|h [zvukový záznam].
|n 3 /
|c Karel Gott.
|
| 246 |
3 |
3 |
|a Čas růží
|
| 246 |
3 |
3 |
|a Amor
|
| 246 |
3 |
3 |
|a Eloise
|
| 246 |
3 |
3 |
|a Hej páni konšelé
|
| 246 |
3 |
3 |
|a Kdyby nepadal déšť
|
| 246 |
3 |
3 |
|a Lady Carneval
|
| 246 |
3 |
3 |
|a Láska bláznivá
|
| 246 |
3 |
3 |
|a Mám tě rád víc než dřív
|
| 246 |
3 |
3 |
|a Požehnej, Bože můj
|
| 246 |
3 |
3 |
|a Prázdný dům
|
| 246 |
3 |
3 |
|a Píšťala a hůl
|
| 246 |
3 |
3 |
|a Vítám vítr v údolí
|
| 246 |
3 |
3 |
|a Zpátky si dám tenhle film
|
| 246 |
3 |
3 |
|a Žaluju ptákům
|
| 260 |
|
|
|a Praha :
|b Supraphon,
|c p1993
|
| 300 |
|
|
|a 1 LP deska :
|b 33 ot/min, stereo ;
|c 30 cm
|
| 500 |
|
|
|a Durata neuv
|
| 500 |
|
|
|a Nahr. 1968-69
|
| 505 |
2 |
|
|a Mám tě rád víc než dřív, Vítám vítr v údolí, Amor ... [et al.]
|
| 511 |
0 |
|
|a TOČR, dir. Josef Vobruba; Sbor Lubomíra Pánka; Orchestr Polydoru ... [et al.]
|
| 653 |
0 |
|
|a populární hudba
|a populární písně
|
| 700 |
1 |
|
|a Vobruba, Josef,
|d 1932-1982
|7 jn19990010024
|4 cnd
|
| 710 |
2 |
|
|a Orchestr Roberta Opratka
|4 prf
|
| 710 |
2 |
|
|a Sbor Lubomíra Pánka
|7 ko2001100004
|4 prf
|
| 710 |
2 |
|
|a Taneční orchestr Československého rozhlasu Praha
|7 ko2002102437
|4 prf
|
| 710 |
2 |
|
|a Orchestr Karla Krautgartnera
|7 ko2003171956
|4 prf
|
| 710 |
2 |
|
|a Orchestr Karla Vlacha
|7 kn20010710270
|4 prf
|
| 710 |
2 |
|
|a Orchestr Ladislava Štaidla
|7 ko2003171954
|4 prf
|
| 710 |
2 |
|
|a Polydor Orchestra
|7 mzk2008451393
|4 prf
|
| 910 |
|
|
|a BOA001
|b LP-0001.583,3
|
| 964 |
|
|
|a Hudba populární
|z stol.20.,léta 60.
|x LP
|
| 990 |
|
|
|a AV
|
| 996 |
6 |
|
|b 261H009083
|c LP-0001.583,3
|l MZK
|r Sklad / do 24 hodin
|n 0
|p kup
|w 000472258
|u 000010
|a 1
|e BOA001
|j MZK50
|s P
|